书目信息 |
| 题名: |
钢琴艺术指导在管弦器乐演奏中的应用性研究
|
|
| 作者: | 唐伟 著 | |
| 分册: | ||
| 出版信息: | 长春 吉林美术出版社 2021.3 |
|
| 页数: | 164页 | |
| 开本: | 24cm | |
| 丛书名: | ||
| 单 册: | ||
| 中图分类: | J632.61 | |
| 科图分类: | ||
| 主题词: | 民族器乐--管弦乐--奏法--研究 | |
| 电子资源: | ||
| ISBN: | 978-7-5575-5917-5 | |
| 000 | 01219nam0 2200253 45 | |
| 001 | 490122 | |
| 005 | 20140817184651.0 | |
| 010 | @a978-7-5575-5917-5@dCNY58.00 | |
| 100 | @a20210528d2021 em y0chiy0110 ea | |
| 101 | 0 | @achi |
| 102 | @aCN@b220000 | |
| 105 | @ay az 000yy | |
| 106 | @ar | |
| 200 | 1 | @a钢琴艺术指导在管弦器乐演奏中的应用性研究@Agang qin yi shu zhi dao zai guan xian qi yue yan zou zhong de ying yong xing yan jiu@f唐伟著 |
| 210 | @a长春@c吉林美术出版社@d2021.3 | |
| 215 | @a164页@d24cm | |
| 314 | @a唐伟,1982年生,籍贯为辽宁省本溪市。研究生学历,讲师职称。 | |
| 320 | @a有书目 (第162-164页) | |
| 330 | @a本书主要讲述了钢琴艺术指导在管弦器乐演奏中的应用,钢琴在音乐历史的发展过程中起到了很重要的作用,不仅仅是作为独奏乐器使用,同时也与其他管弦乐器共同使用。就钢琴在管弦器乐及多种室内乐的组合中的必要性,分析钢琴同管弦器乐的融合点及不同点,再由风格不同的器乐伴奏作品入手,分析在为中、西方器乐演奏时,钢琴艺术指导展现出的不断变化的张力,强化钢琴艺术指导在管弦器乐演奏中的应用,凸显钢琴艺术指导在器乐伴奏中不可或缺的作用。 | |
| 606 | 0 | @a民族器乐@x管弦乐@x奏法@x研究 |
| 690 | @aJ632.61@v5 | |
| 701 | 0 | @a唐伟@Atang wei@f(1982-)@4著 |
| 801 | @aCN@b江苏凤凰@c20211018 | |
| 905 | @b1355721-4@dJ632.61@e219@f4 | |
| 钢琴艺术指导在管弦器乐演奏中的应用性研究/唐伟著.-长春:吉林美术出版社,2021.3 |
| 164页;24cm |
| ISBN 978-7-5575-5917-5:CNY58.00 |
| 本书主要讲述了钢琴艺术指导在管弦器乐演奏中的应用,钢琴在音乐历史的发展过程中起到了很重要的作用,不仅仅是作为独奏乐器使用,同时也与其他管弦乐器共同使用。就钢琴在管弦器乐及多种室内乐的组合中的必要性,分析钢琴同管弦器乐的融合点及不同点,再由风格不同的器乐伴奏作品入手,分析在为中、西方器乐演奏时,钢琴艺术指导展现出的不断变化的张力,强化钢琴艺术指导在管弦器乐演奏中的应用,凸显钢琴艺术指导在器乐伴奏中不可或缺的作用。 |
| ● |
| 相关链接 |
|
|
|
|
正题名:钢琴艺术指导在管弦器乐演奏中的应用性研究
索取号:J632.61/219
 
预约/预借
| 序号 | 登录号 | 条形码 | 馆藏地/架位号 | 状态 | 备注 |
| 1 | 1355721 | 213557211 | 第一样本阅览室/ [索取号:J632.61/219] | 在馆 | |
| 2 | 1355722 | 213557220 | 第一借阅区/ [索取号:J632.61/219] | 在馆 | |
| 3 | 1355723 | 213557239 | 第一借阅区/ [索取号:J632.61/219] | 在馆 | |
| 4 | 1355724 | 213557248 | 第一借阅区/ [索取号:J632.61/219] | 在馆 |